[Event "NOR-chT Eliteserien 2021-22"]
[Site "Norway"]
[Date "2022.03.06"]
[Round "9.11"]
[White "Harestad, Hans Krogh"]
[Black "Sahl, Bjarke"]
[Result "1/2-1/2"]
[WhiteElo "2208"]
[BlackElo "2306"]
[Annotator "ChessBase"]
[PlyCount "84"]
[EventDate "2021.10.29"]
[EventType "team-tourn"]
[EventCountry "NOR"]
[SourceTitle "playchess.com"]
[Source "ChessBase"]
[SourceQuality "1"]
[TimeControl "40/5400+30:1800+30"]

1. d4 {[%emt 0:00:03]} d5 {[%emt 0:00:11]} 2. c4 {[%emt 0:00:31]} c6 {[%emt 0:00:06]} 3. Nf3 {[%emt 0:00:12]} Nf6 {[%emt 1:31:43]} 4. Nc3 {[%emt 0:00:37]} a6 {[%emt 0:02:24]} 5. e3 {[%emt 0:00:16]} b5 {[%emt 0:00:17]} 6. c5 {[%emt 0:00:19]} Nbd7 {[%emt 0:01:09]} 7. a3 {[%emt 0:01:50]} g6 {[%emt 0:00:15]} 8. Be2 {[%emt 0:07:37]} Bg7 {[%emt 0:00:19]} 9. O-O {[%emt 0:00:06]} O-O {[%emt 0:02:13]} 10. b4 {[%emt 0:02:00]} Ne4 {[%emt 0:16:03]} 11. Nxe4 {[%emt 0:07:36]} dxe4 {[%emt 0:01:38]} 12. Nd2 {[%emt 1:15:23]} Nf6 {[%emt 0:02:12]} 13. Qc2 {[%emt 0:00:23]} Bf5 {[%emt 0:11:17]} 14. a4 {[%emt 0:02:41]} h5 {[%emt 0:02:46]} 15. Bb2 {[%emt 0:03:17]} Qd7 {[%emt 0:08:07]} 16. Ra3 {[%emt 0:10:51]} Rad8 {[%emt 0:05:22]} 17. Rfa1 {[%emt 0:21:26]} Nd5 {[%emt 0:02:41]} 18. axb5 {[%emt 0:00:13]} axb5 {[%emt 0:00:05]} 19. Nxe4 {[%emt 0:15:37]} Qe6 {[%emt 0:13:04]} 20. f3 {[%emt 0:00:10]} Bh6 {[%emt 0:03:43]} 21. Bc1 {[%emt 0:01:37]} Nxb4 {[%emt 0:01:21]} 22. Qb3 {[%emt 0:07:39]} Qxb3 {[%emt 0:07:39]} 23. Rxb3 {[%emt 0:00:04]} Ra8 {[%emt 0:00:37]} 24. Rxa8 {[%emt 0:04:24]} Rxa8 {[%emt 0:00:11]} 25. Rxb4 {[%emt 0:07:55]} Ra1 {[%emt 0:00:06]} 26. Kf2 {[%emt 0:05:59]} Rxc1 {[%emt 0:00:05]} 27. Bd3 {[%emt 0:01:24]} Ra1 {[%emt 0:01:57]} 28. Rb2 {[%emt 0:00:17]} Ra3 {[%emt 0:06:32]} 29. Ke2 {[%emt 0:00:33]} Be6 {[%emt 0:12:32]} 30. f4 {[%emt 0:02:44]} Bd5 {[%emt 0:02:08]} 31. g3 {[%emt 0:00:08]} f5 {[%emt 0:02:51]} 32. Nd2 {[%emt 0:01:18]} Kf7 {[%emt 0:01:28]} 33. Bc2 {[%emt 0:00:53]} Bg7 {[%emt 0:01:43]} 34. Bb3 {[%emt 0:01:33]} Ke6 {[%emt 0:00:53]} 35. Kd3 {[%emt 0:00:36]} Bf6 {[%emt 0:02:02]} 36. h4 {[%emt 0:00:34]} Bxb3 {[%emt 0:03:38]} 37. Rxb3 {[%emt 0:00:15]} Ra2 {[%emt 0:00:21]} 38. Kc3 {[%emt 0:00:39]} Kd5 {[%emt 0:00:57]} 39. Rb1 {[%emt 0:00:53]} e6 {[%emt 0:01:03]} 40. Rb2 {[%emt 0:00:34]} Rxb2 {[%emt 0:00:53]} 41. Kxb2 {[%emt 0:30:01]} Bd8 {[%emt 0:30:07]} 42. Kc2 {[%emt 0:00:24]} Ba5 {[%emt 0:00:07]} 1/2-1/2

[Event "NOR-chT Eliteserien 2021-22"]
[Site "Norway"]
[Date "2022.03.06"]
[Round "9.12"]
[White "Aulin-Jansson, Joran"]
[Black "Grebstad, Kjell Borre"]
[Result "1/2-1/2"]
[WhiteElo "2214"]
[BlackElo "2064"]
[Annotator "NA"]
[PlyCount "81"]
[EventDate "2021.10.29"]
[EventType "team-tourn"]
[EventCountry "NOR"]
[SourceTitle "playchess.com"]
[Source "ChessBase"]
[SourceQuality "1"]
[TimeControl "40/5400+30:1800+30"]

1. Nf3 {[%emt 0:00:12]} d5 {[%emt 0:00:26]} 2. c4 {[%emt 0:00:08]} e6 {[%emt 0:01:07]} 3. g3 {[%emt 0:00:34]} Nf6 {[%emt 0:00:29]} 4. Bg2 {[%emt 0:03:35]} Be7 {[%emt 0:03:16]} 5. O-O {[%emt 0:00:08]} O-O {[%emt 0:00:04]} 6. b3 {[%emt 0:02:11]} c5 {[%emt 0:02:23]} 7. cxd5 {[%emt 0:01:16]} Nxd5 {[%emt 0:06:48]} 8. Bb2 {[%emt 0:00:48]} Nc6 {[%emt 0:00:18]} 9. Nc3 {[%emt 0:07:09]} Bf6 {[%emt 0:07:30]} 10. Qc1 {[%emt 0:03:08]} b6 {[%emt 0:01:25]} 11. Nxd5 {[%emt 0:02:10]} exd5 {[%emt 0:00:51]} 12. Bxf6 {[%emt 0:01:02]} Qxf6 {[%emt 0:01:11]} 13. Re1 {[%emt 0:18:39]} Be6 {[%emt 0:06:59]} 14. d3 {[%emt 0:01:18]} h6 {[%emt 0:00:48]} 15. Qf4 {[%emt 0:01:37]} Qxf4 {[%emt 0:10:44]} 16. gxf4 {[%emt 0:00:06]} Rac8 {[%emt 0:02:52]} 17. Red1 {[%emt 0:03:43]} Rfd8 {[%emt 0:09:04]} 18. Rac1 {[%emt 0:03:35]} d4 {[%emt 0:01:58]} 19. Rd2 {[%emt 0:02:21]} Nb4 {[%emt 0:01:19]} 20. Ne5 {[%emt 0:05:15]} Bd5 {[%emt 0:06:37]} 21. Bh3 {[%emt 0:03:23]} Rc7 {[%emt 0:01:00]} 22. e4 {[%emt 0:11:35]} dxe3 {[%emt 0:01:06]} 23. fxe3 {[%emt 0:00:06]} f6 {[%emt 0:02:10]} 24. Ng4 {[%emt 0:01:22]} Re7 {[%emt 0:05:00]} 25. Re1 {[%emt 0:10:40]} Bb7 {[%emt 0:07:02]} 26. Nf2 {[%emt 0:01:44]} Nd5 {[%emt 0:03:39]} 27. Bg2 {[%emt 0:02:18]} Nb4 {[%emt 0:01:56]} 28. Bxb7 {[%emt 0:03:06]} Rxb7 {[%emt 0:00:26]} 29. Kg2 {[%emt 0:00:14]} Rbd7 {[%emt 0:00:26]} 30. Red1 {[%emt 0:00:12]} Kf7 {[%emt 0:03:44]} 31. Kf3 {[%emt 0:01:59]} g5 {[%emt 0:02:00]} 32. a3 {[%emt 0:05:29]} Nc6 {[%emt 0:01:08]} 33. fxg5 {[%emt 0:03:04]} hxg5 {[%emt 0:00:13]} 34. h3 {[%emt 0:00:10]} Ke6 {[%emt 0:02:17]} 35. Ke2 {[%emt 0:00:20]} Rh8 {[%emt 0:02:25]} 36. Rc1 {[%emt 0:00:42]} Ne7 {[%emt 0:04:57]} 37. b4 {[%emt 0:01:06]} cxb4 {[%emt 0:00:35]} 38. axb4 {[%emt 0:00:06]} Rh4 {[%emt 0:02:17]} 39. d4 {[%emt 0:00:37]} f5 {[%emt 0:00:26]} 40. b5 {[%emt 0:01:53]} Rh8 {[%emt 0:00:51]} 41. Rg1 {[%emt 0:31:27]} 1/2-1/2

[Event "NOR-chT Eliteserien 2021-22"]
[Site "Norway"]
[Date "2022.03.06"]
[Round "9.13"]
[White "Notkevich, Benjamin Arvola"]
[Black "Predojevic, Borki"]
[Result "1/2-1/2"]
[WhiteElo "2481"]
[BlackElo "2585"]
[Annotator "TA"]
[PlyCount "37"]
[EventDate "2021.10.29"]
[EventType "team-tourn"]
[EventCountry "NOR"]
[SourceTitle "playchess.com"]
[Source "ChessBase"]
[SourceQuality "1"]

{[%evp 18,24,40,39,37,17,33,26,33]} 1. d4 d5 2. c4 c6 3. Nf3 {[%cal Bg1f3,Bf3d2,Bd2c4][%mdl 32]} Nf6 4. Nc3 e6 5. Bg5 Nbd7 6. e3 Qa5 7. Nd2 dxc4 8. Bxf6 Nxf6 9. Nxc4 Qc7 10. Rc1 Bd6 {D52: Queen's Gambit Declined: Cambridge Springs Variation.} 11. g3 O-O 12. Bg2 e5 {[#]} {Predecessor:} 13. d5 $146 cxd5 14. Nxd5 Nxd5 15. Qxd5 Bb4+ 16. Ke2 Rd8 17. Qb5 a5 18. Bd5 Rxd5 19. Qxd5 {½-½ (65) Adamski,J (2420)-Pinkas,K (2405) Wroslaw 1987} 1/2-1/2

[Event "NOR-chT Eliteserien 2021-22"]
[Site "Norway"]
[Date "2022.03.06"]
[Round "9.14"]
[White "Romanov, Evgeny"]
[Black "Vestby-Ellingsen, Mads"]
[Result "1-0"]
[WhiteElo "2561"]
[BlackElo "2368"]
[Annotator "ChessBase"]
[PlyCount "59"]
[EventDate "2021.10.29"]
[EventType "team-tourn"]
[EventCountry "NOR"]
[SourceTitle "playchess.com"]
[Source "ChessBase"]
[SourceQuality "1"]
[TimeControl "40/5400+30:1800+30"]

1. e4 {[%emt 1:31:00]} e5 {[%emt 1:31:00]} 2. Nf3 {[%emt 0:00:30]} Nc6 {[%emt 0:00:30]} 3. Bc4 {[%emt 0:00:30]} Bc5 {[%emt 0:00:30]} 4. d3 {[%emt 0:00:30]} Nf6 {[%emt 0:00:30]} 5. Nc3 {[%emt 0:00:30]} d6 {[%emt 0:00:30]} 6. Bg5 {[%emt 0:00:30]} h6 {[%emt 0:00:30]} 7. Bxf6 {[%emt 0:00:30]} Qxf6 {[%emt 0:00:30]} 8. Nd5 {[%emt 0:00:30]} Qd8 {[%emt 0:00:30]} 9. c3 {[%emt 0:00:30]} a6 {[%emt 0:00:30]} 10. d4 {[%emt 0:00:30]} Ba7 {[%emt 0:00:30]} 11. h3 {[%emt 0:00:30]} O-O {[%emt 0:00:30]} 12. O-O {[%emt 0:00:30]} Kh8 {[%emt 0:00:30]} 13. Re1 {[%emt 0:00:30]} f5 {[%emt 0:00:30]} 14. exf5 {[%emt 0:00:30]} Bxf5 {[%emt 0:00:30]} 15. Bd3 {[%emt 0:00:30]} exd4 {[%emt 0:00:30]} 16. c4 {[%emt 0:00:30]} Bxd3 {[%emt 0:00:30]} 17. Qxd3 {[%emt 0:00:30]} Rf7 {[%emt 0:00:30]} 18. g3 {[%emt 0:00:30]} Qd7 {[%emt 0:00:30]} 19. Nh4 {[%emt 0:00:30]} g5 {[%emt 0:00:30]} 20. Ng6+ {[%emt 0:00:30]} Kg7 {[%emt 0:00:30]} 21. g4 {[%emt 0:00:30]} Re8 {[%emt 0:00:30]} 22. f4 {[%emt 0:00:30]} gxf4 {[%emt 0:00:30]} 23. Ngxf4 {[%emt 0:00:30]} Ne5 {[%emt 0:00:30]} 24. Rxe5 {[%emt 0:00:30]} Rxe5 {[%emt 0:00:30]} 25. Qg6+ {[%emt 0:00:30]} Kh8 {[%emt 0:00:30]} 26. Qxh6+ {[%emt 0:00:30]} Kg8 {[%emt 0:00:30]} 27. Ng6 {[%emt 0:00:30]} d3+ {[%emt 0:00:30]} 28. Kh1 {[%emt 0:00:30]} Rh5 {[%emt 0:00:30]} 29. Qxh5 {[%emt 0:00:30]} Bd4 {[%emt 0:00:30]} 30. Qg5 {[%emt 0:00:30]} 1-0

[Event "NOR-chT Eliteserien 2021-22"]
[Site "Norway"]
[Date "2022.03.06"]
[Round "9.15"]
[White "Lund, Gunnar"]
[Black "Hammer, Jon Ludvig"]
[Result "1/2-1/2"]
[WhiteElo "2307"]
[BlackElo "2613"]
[Annotator "TA"]
[PlyCount "84"]
[EventDate "2021.10.29"]
[EventType "team-tourn"]
[EventCountry "NOR"]
[SourceTitle "playchess.com"]
[Source "ChessBase"]
[SourceQuality "1"]

{[%evp 11,84,-3,10,25,25,16,23,9,9,0,-10,-8,-7,-22,-23,-16,-16,-12,-12,-37,-55,-56,-27,-80,-88,-85,-72,-93,-87,-94,-88,-106,-109,-110,-50,-51,-52,-45,-47,-47,-43,-54,-13,-13,-13,-10,-17,-17,0,0,0,0,0,0,0,0,0,0,0,0,0,0,0,0,0,0,0,0,0,0,0,0,0,-28000,-28000]} 1. d4 d5 2. Bf4 e6 3. e3 Nf6 4. Nf3 c5 5. c3 Nc6 6. Nbd2 cxd4 7. exd4 {D02: 1 d4 d5 2 Nf3 sidelines, including 2...Nf6 3 g3 and 2...Nf6 3 Bf4.} Nh5 8. Be3 Bd6 9. Ne5 {White has an edge.} g6 10. f4 f6 11. Nd3 O-O 12. Be2 {[#]} e5 $146 ({Predecessor:} 12... Ng7 13. O-O b6 14. g4 Bb7 15. Qe1 e5 16. fxe5 fxe5 17. dxe5 Nxe5 18. Nxe5 Bxe5 {½-½ (46) Hakobyan,A (2565)-Haug,J (2391) Porto Carras 2018}) 13. dxe5 fxe5 {And now ...e4 would win.} 14. Bxh5 {[%cal Of4e5] [#] Threatens to win with fxe5!} exf4 15. Bxf4 Re8+ ({Don't play} 15... Rxf4 16. Nxf4 Bxf4 17. Bf3 $16) 16. Be2 Bg4 $1 17. Nf3 (17. Nc1 $1 $11 Bxf4 18. O-O Be3+ 19. Kh1) 17... Bxf3 $17 18. gxf3 {Hoping for Bxd6.} Bxf4 19. Nxf4 Qh4+ 20. Kf1 Qxf4 21. Qxd5+ Kh8 {aiming for ...Rad8.} 22. h4 {[#]} Rad8 ({Stronger than} 22... Qe3 23. Qd3) ({Black should play} 22... Re5 $1 $17 {[%cal Re5d5]} 23. Qc4 Qe3) 23. Qg5 $15 Qxg5 24. hxg5 Rd2 {[%csl LRb2,LRe2]} 25. Rh2 Rxb2 26. Rf2 Re3 {Inhibits Bd3.} (26... Rc2 $15) 27. Bc4 $11 Rxf2+ 28. Kxf2 Rxc3 {[%mdl 4096] Endgame KRB-KRN} 29. Bd5 Rc5 30. Rd1 Nb4 31. Bb3 {Rd8+ would kill now.} Rxg5 32. Rd8+ Kg7 33. Rd7+ Kh6 34. Rxb7 Nd3+ 35. Ke3 Nc5 36. Rxa7 Nxb3 37. axb3 {KR-KR} Rb5 38. Ra3 Kg5 39. Kf2 Kf4 40. Ra4+ Kf5 41. Rh4 Rxb3 $2 {[%mdl 8192]} (41... h5 $11) 42. Rxh7 g5 {[%mdl 32768] Weighted Error Value: White=0.05 (flawless) /Black=0.05 (flawless) . An unexpected result.} 1/2-1/2

[Event "NOR-chT Eliteserien 2021-22"]
[Site "Norway"]
[Date "2022.03.06"]
[Round "9.16"]
[White "Holm, Kristian Stuvik"]
[Black "Royset, Pal"]
[Result "1/2-1/2"]
[WhiteElo "2464"]
[BlackElo "2146"]
[Annotator "ChessBase"]
[PlyCount "63"]
[EventDate "2021.10.29"]
[EventType "team-tourn"]
[EventCountry "NOR"]
[SourceTitle "playchess.com"]
[Source "ChessBase"]
[SourceQuality "1"]
[TimeControl "40/5400+30:1800+30"]

1. d4 {[%emt 0:09:53]} c5 {[%emt 0:01:28]} 2. d5 {[%emt 0:00:18]} e5 {[%emt 0:01:08]} 3. e4 {[%emt 0:01:29]} d6 {[%emt 0:00:10]} 4. Nc3 {[%emt 0:05:49]} Nf6 {[%emt 0:01:30]} 5. h3 {[%emt 0:01:10]} a6 {[%emt 0:01:58]} 6. a4 {[%emt 0:02:41]} Nbd7 {[%emt 0:01:45]} 7. g4 {[%emt 0:03:00]} Be7 {[%emt 0:06:04]} 8. Nge2 {[%emt 0:03:17]} Nf8 {[%emt 0:06:10]} 9. Ng3 {[%emt 0:00:43]} Ng6 {[%emt 0:00:21]} 10. Nf5 {[%emt 0:03:04]} O-O {[%emt 1:14:56]} 11. h4 {[%emt 0:02:41]} Re8 {[%emt 0:00:00]} 12. Qf3 {[%emt 0:01:38]} Nf4 {[%emt 0:00:00]} 13. Bxf4 {[%emt 0:03:23]} exf4 {[%emt 0:00:00]} 14. Qxf4 {[%emt 0:05:56]} Bxf5 {[%emt 0:00:00]} 15. Qxf5 {[%emt 0:02:56]} Qa5 {[%emt 0:00:00]} 16. Be2 {[%emt 0:04:26]} Qb4 {[%emt 0:00:00]} 17. Rb1 {[%emt 0:02:19]} Bd8 {[%emt 0:00:00]} 18. Kf1 {[%emt 0:09:33]} g6 {[%emt 0:00:00]} 19. Qf4 {[%emt 0:04:24]} Nxe4 {[%emt 0:00:00]} 20. Bd3 {[%emt 0:06:56]} Nf6 {[%emt 0:00:00]} 21. Qxb4 {[%emt 0:02:10]} cxb4 {[%emt 0:00:00]} 22. g5 {[%emt 0:00:09]} bxc3 {[%emt 0:00:00]} 23. gxf6 {[%emt 0:00:05]} Bxf6 {[%emt 0:00:00]} 24. bxc3 {[%emt 0:00:10]} Bxc3 {[%emt 0:00:00]} 25. Rxb7 {[%emt 0:00:21]} Re1+ {[%emt 0:00:00]} 26. Kg2 {[%emt 0:00:02]} Rxh1 {[%emt 0:00:00]} 27. Kxh1 {[%emt 0:00:03]} a5 {[%emt 0:00:00]} 28. Kg2 {[%emt 0:01:58]} h5 {[%emt 0:00:00]} 29. Bb5 {[%emt 0:02:15]} Bd4 {[%emt 0:00:00]} 30. Rd7 {[%emt 0:01:09]} Bc5 {[%emt 0:00:00]} 31. Kf3 {[%emt 0:03:16]} Ra7 {[%emt 0:00:00]} 32. Rxa7 {[%emt 0:00:40]} 1/2-1/2

[Event "NOR-chT Eliteserien 2021-22"]
[Site "Norway"]
[Date "2022.03.06"]
[Round "9.20"]
[White "Bern, Ivar"]
[Black "Galchenko, Matvey"]
[Result "1/2-1/2"]
[WhiteElo "2312"]
[BlackElo "2443"]
[Annotator "NA"]
[PlyCount "97"]
[EventDate "2021.10.29"]
[EventType "team-tourn"]
[EventCountry "NOR"]
[SourceTitle "playchess.com"]
[Source "ChessBase"]
[SourceQuality "1"]
[TimeControl "40/5400+30:1800+30"]

1. c4 {[%emt 0:00:08]} c5 {[%emt 0:00:28]} 2. g3 {[%emt 0:00:30]} g6 {[%emt 0:00:22]} 3. Bg2 {[%emt 0:00:15]} Bg7 {[%emt 0:00:04]} 4. Nc3 {[%emt 0:00:23]} Nc6 {[%emt 0:00:04]} 5. a3 {[%emt 0:04:41]} d6 {[%emt 0:03:06]} 6. Rb1 {[%emt 0:01:26]} a5 $11 {[%emt 0:03:10]} 7. d3 {[%emt 0:01:30]} e5 {[%emt 0:04:28]} 8. Nd5 {[%emt 0:19:47]} Be6 {[%emt 0:03:15]} 9. e3 {[%emt 0:00:51]} Nge7 {[%emt 0:01:01]} 10. Ne2 {[%emt 0:00:21]} O-O {[%emt 0:01:30]} 11. Nec3 {[%emt 0:00:18]} Rb8 {[%emt 0:00:33]} 12. O-O {[%emt 0:05:44]} b6 {[%emt 0:01:24]} 13. Bd2 {[%emt 0:03:36]} Qd7 {[%emt 0:09:49]} 14. b4 {[%emt 0:12:40]} axb4 {[%emt 0:04:11]} 15. axb4 {[%emt 0:00:08]} cxb4 {[%emt 0:00:54]} 16. Nxe7+ {[%emt 0:01:10]} Nxe7 {[%emt 0:00:35]} 17. Nd5 {[%emt 0:07:40]} b5 {[%emt 0:07:53]} 18. Bxb4 {[%emt 0:03:20]} Nf5 {[%emt 0:13:24]} 19. Qd2 {[%emt 0:06:25]} Rfc8 {[%emt 0:05:21]} 20. Ba5 {[%emt 0:03:47]} bxc4 {[%emt 0:27:53]} 21. Nb6 {[%emt 0:07:32]} Rxb6 {[%emt 0:00:19]} 22. Rxb6 {[%emt 0:00:13]} cxd3 {[%emt 0:00:12]} 23. Bb7 {[%emt 0:06:37]} Rc5 {[%emt 0:03:05]} 24. Bb4 {[%emt 0:00:51]} Rc7 {[%emt 0:02:22]} 25. Be4 {[%emt 0:02:01]} h5 {[%emt 0:02:40]} 26. Bxd3 {[%emt 0:02:57]} d5 {[%emt 0:01:03]} 27. Bb5 {[%emt 0:01:43]} Qc8 {[%emt 0:00:49]} 28. Ba6 {[%emt 0:01:00]} Qa8 {[%emt 0:01:07]} 29. Rc1 {[%emt 0:03:48]} Rxc1+ {[%emt 0:01:05]} 30. Qxc1 {[%emt 0:00:02]} d4 {[%emt 0:00:16]} 31. Bb7 {[%emt 0:02:23]} Qa2 {[%emt 0:00:42]} 32. e4 {[%emt 0:01:28]} Bh6 {[%emt 0:00:16]} 33. Qe1 {[%emt 0:01:05]} Ne3 {[%emt 0:00:56]} 34. Ra6 {[%emt 0:00:25]} Qb2 {[%emt 0:00:21]} 35. Rxe6 {[%emt 0:00:31]} Nc2 {[%emt 0:01:04]} 36. Re8+ {[%emt 0:01:14]} Kh7 37. Qe2 {[%emt 0:00:00]} Qb1+ {[%emt 0:01:18]} 38. Kg2 {[%emt 0:00:00]} Nxb4 {[%emt 0:00:24]} 39. Qf3 {[%emt 0:00:48]} Bf4 {[%emt 0:01:25]} 40. gxf4 {[%emt 0:00:39]} Nc2 {[%emt 0:00:01]} 41. Kh3 {[%emt 0:03:42]} Ne1 {[%emt 0:14:18]} 42. Qa3 {[%emt 0:00:30]} Qb5 {[%emt 0:00:30]} 43. Rh8+ {[%emt 0:00:30]} Kxh8 {[%emt 0:00:30]} 44. Qf8+ {[%emt 0:00:30]} Kh7 {[%emt 0:00:30]} 45. Qxf7+ {[%emt 0:00:30]} Kh8 {[%emt 0:00:30]} 46. Qf8+ {[%emt 0:00:30]} Kh7 {[%emt 0:00:30]} 47. Qe7+ {[%emt 0:00:30]} Kh6 {[%emt 0:00:30]} 48. Qg5+ {[%emt 0:00:30]} Kh7 {[%emt 0:00:30]} 49. Qe7+ {[%emt 0:00:30]} 1/2-1/2

[Event "NOR-chT Eliteserien 2021-22"]
[Site "Norway"]
[Date "2022.03.06"]
[Round "9.21"]
[White "Mikalsen, Erlend"]
[Black "Gullaksen, Eirik"]
[Result "0-1"]
[WhiteElo "2368"]
[BlackElo "2349"]
[Annotator "NA"]
[PlyCount "94"]
[EventDate "2021.10.29"]
[EventType "team-tourn"]
[EventCountry "NOR"]
[SourceTitle "playchess.com"]
[Source "ChessBase"]
[SourceQuality "1"]
[TimeControl "40/5400+30:1800+30"]

1. e4 {[%emt 0:04:42]} c5 {[%emt 0:00:15]} 2. Nf3 {[%emt 0:00:03]} Nc6 {[%emt 0:00:20]} 3. d4 {[%emt 0:00:03]} cxd4 {[%emt 0:00:25]} 4. Nxd4 {[%emt 0:00:02]} e5 {[%emt 0:00:32]} 5. Nb5 {[%emt 0:00:06]} d6 {[%emt 0:00:22]} 6. g3 {[%emt 0:00:07]} Be7 {[%emt 0:00:43]} 7. Bg2 {[%emt 0:01:01]} a6 {[%emt 0:02:00]} 8. N5c3 {[%emt 0:00:05]} Nf6 {[%emt 0:00:06]} 9. Nd5 {[%emt 0:01:04]} Nxd5 {[%emt 0:00:50]} 10. exd5 {[%emt 0:00:05]} Nd4 {[%emt 0:02:21]} 11. O-O {[%emt 0:00:14]} O-O {[%emt 0:02:20]} 12. c3 {[%emt 0:00:27]} Nf5 {[%emt 0:00:30]} 13. a4 {[%emt 0:00:18]} Bd7 {[%emt 0:02:23]} 14. a5 {[%emt 0:01:00]} b6 {[%emt 0:02:47]} 15. axb6 {[%emt 0:02:50]} Qxb6 {[%emt 0:01:38]} 16. Na3 {[%emt 0:00:11]} Rfc8 {[%emt 0:01:39]} 17. Re1 {[%emt 0:11:14]} a5 {[%emt 0:14:07]} 18. Bf1 {[%emt 0:02:04]} a4 {[%emt 0:06:40]} 19. Nc2 {[%emt 0:01:24]} Bd8 {[%emt 0:04:07]} 20. Bg2 {[%emt 0:07:23]} h6 {[%emt 0:04:09]} 21. Qd3 {[%emt 0:08:26]} Ne7 {[%emt 0:06:15]} 22. Nb4 {[%emt 0:00:13]} Qb5 {[%emt 0:02:54]} 23. Qxb5 {[%emt 0:08:21]} Bxb5 {[%emt 0:00:14]} 24. f4 {[%emt 0:02:57]} f6 {[%emt 0:02:10]} 25. fxe5 {[%emt 0:04:37]} fxe5 {[%emt 0:00:30]} 26. Bh3 {[%emt 0:00:32]} Rcb8 {[%emt 0:00:16]} 27. Be6+ {[%emt 0:01:18]} Kh8 {[%emt 0:00:52]} 28. Re4 {[%emt 0:02:03]} Ba5 {[%emt 0:03:50]} 29. Bd2 {[%emt 0:05:47]} Rf8 {[%emt 0:03:19]} 30. c4 {[%emt 0:04:32]} Bb6+ {[%emt 0:01:14]} 31. Kh1 {[%emt 0:00:52]} Be8 {[%emt 0:01:03]} 32. Re2 {[%emt 0:04:46]} Nf5 {[%emt 0:06:31]} 33. Bxf5 {[%emt 0:03:25]} Rxf5 {[%emt 0:00:22]} 34. g4 {[%emt 0:00:24]} Rf8 {[%emt 0:02:38]} 35. Kg2 {[%emt 0:04:46]} Bg6 {[%emt 0:01:28]} 36. Rc1 {[%emt 0:09:48]} a3 {[%emt 0:02:49]} 37. bxa3 {[%emt 0:01:58]} Rxa3 {[%emt 0:00:12]} 38. Be1 {[%emt 0:03:02]} Ra4 {[%emt 0:03:25]} 39. h3 {[%emt 0:05:16]} Bc5 {[%emt 0:02:28]} 40. Ra2 {[%emt 0:02:01]} Rxb4 {[%emt 0:01:46]} 41. Bxb4 {[%emt 0:30:06]} Be4+ {[%emt 0:31:13]} 42. Kh2 {[%emt 0:01:07]} Bxb4 {[%emt 0:00:07]} 43. Re2 {[%emt 0:00:41]} Bd3 {[%emt 0:00:17]} 44. Rg2 {[%emt 0:00:21]} e4 {[%emt 0:00:15]} 45. g5 {[%emt 0:00:17]} hxg5 {[%emt 0:00:19]} 46. Rxg5 {[%emt 0:00:26]} Bd2 {[%emt 0:00:44]} 47. Rh5+ {[%emt 0:00:03]} Kg8 {[%emt 0:00:07]} 0-1

[Event "NOR-chT Eliteserien 2021-22"]
[Site "Norway"]
[Date "2022.03.06"]
[Round "9.22"]
[White "Gabrielsen, Stig"]
[Black "Flermoen, Peter"]
[Result "0-1"]
[WhiteElo "2269"]
[BlackElo "2297"]
[Annotator "NA"]
[PlyCount "78"]
[EventDate "2021.10.29"]
[EventType "team-tourn"]
[EventCountry "NOR"]
[SourceTitle "playchess.com"]
[Source "ChessBase"]
[SourceQuality "1"]
[TimeControl "40/5400+30:1800+30"]

1. e4 {[%emt 0:00:04]} c5 {[%emt 0:00:06]} 2. Nf3 {[%emt 0:00:17]} g6 {[%emt 0:00:10]} 3. d4 {[%emt 0:00:24]} cxd4 {[%emt 0:00:09]} 4. Nxd4 {[%emt 0:00:07]} Bg7 {[%emt 0:00:09]} 5. c4 {[%emt 0:00:17]} Nc6 {[%emt 0:00:21]} 6. Be3 {[%emt 0:00:16]} d6 {[%emt 0:00:17]} 7. Nc3 {[%emt 0:00:18]} Nf6 {[%emt 0:00:14]} 8. Be2 {[%emt 0:00:15]} O-O {[%emt 0:00:11]} 9. O-O {[%emt 0:00:08]} Nxd4 {[%emt 0:00:22]} 10. Bxd4 {[%emt 0:00:10]} Bd7 {[%emt 0:00:08]} 11. h3 {[%emt 0:07:56]} Bc6 {[%emt 0:00:43]} 12. Qc2 {[%emt 0:00:10]} a5 {[%emt 0:00:38]} 13. Rad1 {[%emt 0:00:09]} Nd7 {[%emt 0:00:41]} 14. Bxg7 {[%emt 0:00:07]} Kxg7 {[%emt 0:00:14]} 15. Bg4 {[%emt 0:00:06]} Ne5 {[%emt 0:07:47]} 16. c5 {[%emt 0:00:27]} Nxg4 {[%emt 0:02:06]} 17. hxg4 {[%emt 0:00:17]} Qc8 {[%emt 0:06:37]} 18. cxd6 {[%emt 0:00:10]} Qxg4 {[%emt 0:10:26]} 19. dxe7 {[%emt 0:00:08]} Rfe8 {[%emt 0:00:20]} 20. Nd5 {[%emt 0:00:07]} Bxd5 {[%emt 0:00:52]} 21. Qc3+ {[%emt 0:02:53]} Kg8 {[%emt 0:01:48]} 22. exd5 {[%emt 0:00:10]} Rxe7 {[%emt 0:01:04]} 23. d6 {[%emt 0:06:16]} Rd7 {[%emt 0:07:26]} 24. Rfe1 {[%emt 0:17:06]} Qa4 {[%emt 0:11:34]} 25. Qf6 {[%emt 0:22:59]} Rad8 {[%emt 0:06:40]} 26. Rd4 {[%emt 0:01:41]} Qc6 {[%emt 0:10:03]} 27. Re7 {[%emt 0:08:40]} Qc1+ {[%emt 0:02:02]} 28. Kh2 {[%emt 0:00:19]} Qh6+ {[%emt 0:00:46]} 29. Kg3 {[%emt 0:02:38]} Qg7 {[%emt 0:01:08]} 30. Qf4 {[%emt 0:03:44]} g5 {[%emt 0:03:38]} 31. Qe4 {[%emt 0:03:54]} Qf6 {[%emt 0:01:03]} 32. Rd5 {[%emt 0:15:16]} Rxd6 {[%emt 0:03:15]} 33. Rf5 {[%emt 0:04:57]} Rd3+ {[%emt 0:02:20]} 34. f3 {[%emt 0:00:53]} Qd6+ {[%emt 0:00:43]} 35. Qe5 {[%emt 0:00:41]} Qxe5+ {[%emt 0:02:01]} 36. Rfxe5 {[%emt 0:00:34]} R8d5 {[%emt 0:01:12]} 37. Rxd5 {[%emt 0:01:05]} Rxd5 {[%emt 0:00:10]} 38. Rxb7 {[%emt 0:00:05]} h5 {[%emt 0:02:06]} 39. b3 {[%emt 0:01:49]} Kg7 {[%emt 0:05:02]} 0-1